Statystyki dla La Liga 2023/2024 - Rozpoznaj Herby (zasłonięte nazwy)

Kliknij tutaj aby rozwiązać quiz!

Ogólne statystyki

  • Ten quiz został rozwiązany 125 razy
  • Średni wynik to 17 z 20

Statystyki odpowiedzi

Odpowiedź% Poprawnych
FC Barcelona
98%
Girona FC
95%
Real Madryt CF
94%
Athletic Bilbao
93%
Real Sociedad San Sebastian
93%
Real Betis
92%
Sevilla FC
92%
Atlético Madryt
91%
Valencia CF
89%
RC Celta Vigo
87%
Deportivo Alavés
86%
Getafe CF
86%
CA Osasuna
85%
Rayo Vallecano
85%
UD Almeria
83%
Cádiz CF
81%
UD Las Palmas
79%
RCD Mallorca
76%
Granada CF
74%
Villarreal CF
65%

Rozkład punktacji

Percentyl według liczby udzielonych odpowiedzi

Procent ludzi z każdym wynikiem

Twoja historia wyników

Nie rozwiązałeś tego quizu